00457nam a2200157 a 4500008004100000020001500041050001500056100003100071245007700102250001200179260003200191300002200223350000900245650002300254650002200277120416s1978 ||||||||||||||||| || u a0070652155 aHB 801 Tro aTroelstrup, Archie William14aThe consumer in American society: personal and family finance. (6th ed.) a6th ed. aNew YorkbMcGraw-Hillc1978 axxi, 567p. : ill. a0.00 aCONSUMER EDUCATION aFINANCE, PERSONAL